000 00550nam a2200181Ia 4500
005 20260601193255.0
008 260601s9999||||xx |||||||||||||| ||und||
020 _a978-981-97-4768-9
_qebk
100 _aHouxiang Zhang
245 0 _aDigital Twins for Vessel Life Cycle Service
250 _a2024
260 _aHeidelberg, Germany
_bSpringer Nature
_c2024
650 _aComputer Science
700 _aGuoyuan Li
700 _aHans Petter Hildre
856 _uhttps://link.springer.com/openurl?genre=book&isbn=978-981-97-4768-9
942 _cEB
_2ddc
999 _c56854
_d56854